00529nam a2200133Ia 4500008004100000100002000041245009100061260004400152300001800196650002000214856006900234999001900303952007300322160712s9999 xx 000 0 und d aIlagan, Gail T. cGail T. IlaganaNarratives of Community Resilience from Two Villages in North Cotabato c2012bPhilippine Social Sciences Review avol. 64 no. 2 xSOCIAL SCIENCES uhttp://journals.upd.edu.ph/index.php/pssr/issue/view/412/showToc c297520d297520 001040aCLbCLd2016-07-12l0r2016-07-12 00:00:00w2016-07-12yFEJ